<?xml version="1.0" encoding="UTF-8"?>
<collection xmlns="http://www.loc.gov/MARC21/slim">
 <record>
  <leader>00749pamaa2200193   4500</leader>
  <controlfield tag="001">0000042033</controlfield>
  <controlfield tag="005">20070531090000.0</controlfield>
  <controlfield tag="008">070531                             eng  </controlfield>
  <datafield tag="020" ind1="0" ind2="0">
   <subfield code="a">9834323905 (pbk.) </subfield>
  </datafield>
  <datafield tag="090" ind1="0" ind2="0">
   <subfield code="a">RC423 </subfield>
   <subfield code="b">PET 2006</subfield>
  </datafield>
  <datafield tag="100" ind1="1" ind2="0">
   <subfield code="a">PETERS, Jennifer Eileen </subfield>
  </datafield>
  <datafield tag="245" ind1="1" ind2="0">
   <subfield code="a">Making chatter matter : </subfield>
   <subfield code="b">understanding language impairment within a multilingual environment  </subfield>
   <subfield code="c">Jennifer E Peters.</subfield>
  </datafield>
  <datafield tag="260" ind1="0" ind2="0">
   <subfield code="a">Kuala Lumpur: </subfield>
   <subfield code="b">Nurture Books, </subfield>
   <subfield code="c">2006.</subfield>
  </datafield>
  <datafield tag="300" ind1=" " ind2=" ">
   <subfield code="a">xvi, 203p.: </subfield>
   <subfield code="b">ill.; </subfield>
   <subfield code="c">20 cm..</subfield>
  </datafield>
  <datafield tag="504" ind1="0" ind2="0">
   <subfield code="a">Includes bibliographical references and index</subfield>
  </datafield>
  <datafield tag="650" ind1="0" ind2="0">
   <subfield code="a">Communicative disorders -- </subfield>
   <subfield code="x">Diagnosis </subfield>
  </datafield>
  <datafield tag="650" ind1="0" ind2="0">
   <subfield code="a">Speech disorders -- </subfield>
   <subfield code="x">Diagnosis. </subfield>
  </datafield>
  <datafield tag="650" ind1="0" ind2="0">
   <subfield code="a">Language disorders -- </subfield>
   <subfield code="x">Diagnosis. </subfield>
  </datafield>
  <datafield tag="901" ind1=" " ind2=" ">
   <subfield code="u">http://www.speakeasyeasyconsultants.com</subfield>
  </datafield>
 </record>
</collection>
